<?xml version="1.0" encoding="UTF-8"?>
<record
    xmlns:xsi="http://www.w3.org/2001/XMLSchema-instance"
    xsi:schemaLocation="http://www.loc.gov/MARC21/slim http://www.loc.gov/standards/marcxml/schema/MARC21slim.xsd"
    xmlns="http://www.loc.gov/MARC21/slim">

  <leader>00681nam a2200157 i 4500</leader>
  <controlfield tag="001">61472</controlfield>
  <controlfield tag="003">ES-MaACL</controlfield>
  <controlfield tag="005">20230906164450.0</controlfield>
  <controlfield tag="007">t|</controlfield>
  <controlfield tag="008">031112s1913    fr           ||||1| fre d</controlfield>
  <datafield tag="245" ind1="0" ind2="2">
    <subfield code="a">L'Exposition de la miniature a Bruxelle en 1912 </subfield>
    <subfield code="b">: recueil des oeuvres les plus remarquatles des miniaturistes de toutes les ecoles, du XVIe au XIXe siecle / </subfield>
    <subfield code="c">ouvrage publie sous la direction du Comit&#xE9; de l'Expsition avec la collaboration de H. Kervyn de Lettenhove ... [et al.].</subfield>
  </datafield>
  <datafield tag="260" ind1=" " ind2=" ">
    <subfield code="a">[S.l. : </subfield>
    <subfield code="b">s.n., </subfield>
    <subfield code="c">1913] (</subfield>
    <subfield code="e">Amiens : </subfield>
    <subfield code="f">J. E. Buschmann)</subfield>
  </datafield>
  <datafield tag="300" ind1=" " ind2=" ">
    <subfield code="a">XVIII, 142 p. ; </subfield>
    <subfield code="c">36 cm.</subfield>
  </datafield>
  <datafield tag="700" ind1="1" ind2=" ">
    <subfield code="a">Kervyn de Lettenhove.</subfield>
    <subfield code="9">67946</subfield>
  </datafield>
  <datafield tag="852" ind1=" " ind2=" ">
    <subfield code="a">ES-MaACL</subfield>
    <subfield code="j">C-10443</subfield>
  </datafield>
  <datafield tag="999" ind1=" " ind2=" ">
    <subfield code="c">61472</subfield>
    <subfield code="d">61472</subfield>
  </datafield>
  <datafield tag="952" ind1=" " ind2=" ">
    <subfield code="0">0</subfield>
    <subfield code="1">0</subfield>
    <subfield code="4">0</subfield>
    <subfield code="7">0</subfield>
    <subfield code="a">ATENEOM</subfield>
    <subfield code="b">ATENEOM</subfield>
    <subfield code="c">SPAL</subfield>
    <subfield code="d">2008-01-17</subfield>
    <subfield code="e">SC</subfield>
    <subfield code="l">0</subfield>
    <subfield code="o">C-10443</subfield>
    <subfield code="p">1064457</subfield>
    <subfield code="r">2023-02-23 00:00:00</subfield>
    <subfield code="w">2023-02-23</subfield>
    <subfield code="y">MONOGRAFIA</subfield>
  </datafield>
</record>
